Gandhi and the unspeakable: (Record no. 1308610)

MARC details
000 -LEADER
fixed length control field 00770nam a22002417a 4500
005 - DATE AND TIME OF LATEST TRANSACTION
control field 20250409170515.0
008 - FIXED-LENGTH DATA ELEMENTS--GENERAL INFORMATION
fixed length control field 250409b |||||||| |||| 00| 0 eng d
020 ## - INTERNATIONAL STANDARD BOOK NUMBER
International Standard Book Number 978-1-62698-033-4 (pbk)
037 ## - SOURCE OF ACQUISITION
Terms of availability TB
040 ## - CATALOGING SOURCE
Original cataloging agency AL
Transcribing agency AL
041 ## - LANGUAGE CODE
Source of code eng
Language code of text/sound track or separate title eng
084 ## - COLON CLASSIFICATION NUMBER
Classification number V2y7M69 Q2
Assigning agency AL
100 ## - MAIN ENTRY--PERSONAL NAME
Personal name Douglass, James W.
9 (RLIN) 403877
245 ## - TITLE STATEMENT
Title Gandhi and the unspeakable:
Remainder of title His final experiment with truth
260 ## - PUBLICATION, DISTRIBUTION, ETC.
Place of publication, distribution, etc. New York, USA:
Name of publisher, distributor, etc. Orbis Books,
Date of publication, distribution, etc. 2012.
300 ## - PHYSICAL DESCRIPTION
Extent xv, 158p.
365 ## - TRADE PRICE
Price amount 20.00
Currency code USD
650 ## - SUBJECT ADDED ENTRY--TOPICAL TERM
Topical term or geographic name entry element Gandhi, Mahatama
9 (RLIN) 4156
650 ## - SUBJECT ADDED ENTRY--TOPICAL TERM
Topical term or geographic name entry element India-History
650 ## - SUBJECT ADDED ENTRY--TOPICAL TERM
Topical term or geographic name entry element History
942 ## - ADDED ENTRY ELEMENTS (KOHA)
Source of classification or shelving scheme Colon Classification (CC)
Koha item type Textbook
Classification part V2y7M69 Q2
Suppress in OPAC No
Holdings
Withdrawn status Lost status Source of classification or shelving scheme Damaged status Not for loan Home library Current library Date acquired Source of acquisition Cost, normal purchase price Inventory number Total Checkouts Full call number Barcode Date last seen Price effective from Koha item type
    Colon Classification (CC)     Arts Library Arts Library 2025-04-09 Knowledge Warehouse 20.00 3901& 2024-12-19   V2y7M69 Q2 AL1804293 2025-04-09 2025-04-09 Textbook
Copyright @ Delhi University Library System